| 000 | 00575nam a2200217 a 4500 | ||
|---|---|---|---|
| 001 | 0001-1992 | ||
| 003 | ELIB.Books | ||
| 008 | 190207 2010 eng | ||
| 020 | _a978 1 908020 34 5 | ||
| 092 |
_a616 89 Eap _bEap |
||
| 100 | _aEapen, Valsamma. | ||
| 245 | _aWhere There Is No Child Psychiatrist | ||
| 260 |
_aLondon _bRCPsych Publications _c2012 |
||
| 300 |
_a203 _c24 cm |
||
| 650 | _aPsycho therapy | ||
| 856 |
_nKBTS Library _uKBTS Elib |
||
| 942 |
_2ddc _cBK |
||
| 990 | _a2 | ||
| 998 |
_aEnglishbooks.elf _ccat _e2019-02-07 |
||
| 999 |
_c11992 _d11992 |
||